000 00584nam a22001817a 4500
005 20251108164903.0
008 250721s1991 xx 000 0 ara d
082 1 4 _a962.02/محم
100 1 _aزايد، محمد بدر الدين مصطفى
245 1 0 _aالمفاوضات الدولية /
264 1 _aالقاهرة :
_bالهيئة المصرية العامة للكتاب،
_c1991.
300 _a318ص
650 1 7 _aتاريخ مصر
650 1 7 _aالتاريخ السياسي
650 1 7 _aالإستعمار البريطاني
942 _2ddc
_cBK
999 _c16704
_d16704